Personnages jouables d'Octopath Traveler - Statistiques

Statistiques générales
  • Ce quiz a été pris 11 fois
  • Le résultat moyen est 7 sur 8
Statistiques - réponses
Hint Réponse % Correct
La chasseresse H'aanit
100%
Le guerrier Olberic
90%
Le voleur Therion
90%
L'érudit Cyrus
80%
La prêtresse Ophilia
80%
La danseuse Primrose
80%
L'apothicaire Alfyn
70%
La marchande Tressa
70%
Aucun quiz correspondant
Distribution des résultats
% des personnes avec chaque résultat
Percentile par nombre de réponses
Votre historique - résultats
Vous n’avez pas pris ce quiz